| 000 | 00809nam a22002657a 4500 | ||
|---|---|---|---|
| 001 | 7963 | ||
| 003 | FISKH | ||
| 005 | 20250815104819.0 | ||
| 008 | 250815b cb ||||| |||| 00| 0 eng d | ||
| 020 | _a9780736801157 | ||
| 040 |
_aFISKH _beng _cFISKH _dFISKH |
||
| 050 | _aRK63.F76 | ||
| 082 | _a 611.314 | ||
| 100 | _aFrost, Helen | ||
| 245 |
_aYour teeth / _cby Helen Frost |
||
| 260 |
_aMinnesota : _bPebble Books, _c1999. |
||
| 300 |
_a24 pages : _bcolor illustrations ; _c19 cm |
||
| 505 | _aJ | ||
| 520 | _aA simple description of the basic structure of teeth, the various types, and the difference between baby teeth and permanent teeth. | ||
| 521 | 8 |
_a430
_bLexile estimate |
|
| 521 | 8 |
_aJ
_bRaz-Plus |
|
| 650 |
_aBody _vNon-fiction _x Science |
||
| 942 |
_2ddc _cBK _n0 |
||
| 999 |
_c7963 _d7963 |
||